| 000 | 01035nas a2200337 4500 | ||
|---|---|---|---|
| 001 | BR0302502 | ||
| 003 | BR-BrBNA | ||
| 005 | 20231205103810.0 | ||
| 007 | ta | ||
| 008 | 230509b bl.|||p| |||| 00| 00por d | ||
| 040 |
_aBR-BrBNA _bpor _cBiblioteca Nacional de Agricultura |
||
| 041 | _a(Pt) | ||
| 072 | _aF30; H20 | ||
| 100 | 1 | _aAraújo, L.G. de | |
| 100 | 1 | _aPrabhu, A.S. | |
| 245 | 1 | _aIndução de variabilidade na cultivar de arroz Metica-1 para resistência a Pyricularia grisea | |
| 650 | _aARROZ | ||
| 650 | _aVARIEDADE | ||
| 650 | _aBRUSONE | ||
| 650 | _aDOENÇA DE PLANTA | ||
| 650 | _aFUNGO | ||
| 650 | _aVARIAÇÃO GENÉTICA | ||
| 650 | _aMELHORAMENTO GENÉTICO VEGETAL | ||
| 650 | _aVARIAÇÃO CLONAL | ||
| 650 | _aMODELO MATEMÁTICO | ||
| 650 | _aINTRODUÇÃO DE PLANTA | ||
| 650 | _aVARIEDADE RESISTENTE | ||
| 773 | 0 |
_tPesquisa Agropecuária Brasileira (Brazil) _xISSN 0100-204X _g(Dec 2002), v. 37(12) p. 1689-1695 _wBR0302502 |
|
| 909 |
_a202311 _bLúcia _c55 _dLúcia Elande |
||
| 942 |
_2AGRIS _n0 _cANA |
||
| 999 |
_c174787 _d174787 |
||